000 00314nam a22001337a 4500
008 190306b xxu||||| |||| 00| 0 eng d
020 _a0808915045
041 _aeng
080 _a617
100 _a8
101 _aORT
245 _aComprehensive Management of Cerebral Palsy
_cThompson,G.H
942 _2udc
_cBK
999 _c54600
_d54600